| 000 | 01801nam a2200361 a 4500 | ||
|---|---|---|---|
| 001 | ebr10315882 | ||
| 003 | CaPaEBR | ||
| 006 | m u | ||
| 007 | cr cn||||||||| | ||
| 008 | 091008s2009 dcua sb 000 0 eng d | ||
| 020 | _z9780309130394 | ||
| 020 | _z0309130395 | ||
| 040 |
_aCaPaEBR _cCaPaEBR |
||
| 035 | _a(OCoLC)367597412 | ||
| 043 | _an-us--- | ||
| 050 | 1 | 4 |
_aQD181.U7 _bN38 2009eb |
| 110 | 2 |
_aNational Research Council (U.S.). _bCommittee on Medical Isotope Production Without Highly Enriched Uranium. |
|
| 245 | 1 | 0 |
_aMedical isotope production without highly enriched uranium _h[electronic resource] / _cCommittee on Medical Isotope Production Without Highly Enriched Uranium, Nuclear and Radiation Studies Board, Division of Earth and Life Studies, National Research Council of the National Academies. |
| 260 |
_aWashington, D.C. : _bNational Academies Press, _c2009. |
||
| 300 |
_axvii, 202 p. : _bill. (some col.). |
||
| 504 | _aIncludes bibliographical references (p. 163-167). | ||
| 533 |
_aElectronic reproduction. _bPalo Alto, Calif. : _cebrary, _d2013. _nAvailable via World Wide Web. _nAccess may be limited to ebrary affiliated libraries. |
||
| 650 | 0 |
_aUranium _xIsotopes _xTherapeutic use. |
|
| 650 | 0 |
_aHighly enriched uranium _xIsotopes _xTherapeutic use. |
|
| 650 | 0 |
_aMolybdenum _xIsotopes _xTherapeutic use. |
|
| 650 | 0 |
_aTechnetium _xIsotopes _xTherapeutic use. |
|
| 650 | 0 |
_aRadioisotopes _xTherapeutic use. |
|
| 650 | 0 |
_aNuclear medicine _xStandards _zUnited States. |
|
| 655 | 7 |
_aElectronic books. _2local |
|
| 710 | 2 |
_aNational Research Council (U.S.). _bNuclear and Radiation Studies Board. |
|
| 710 | 2 | _aebrary, Inc. | |
| 856 | 4 | 0 |
_uhttp://site.ebrary.com/lib/rucke/Doc?id=10315882 _zAn electronic book accessible through the World Wide Web; click to view |
| 999 |
_c59141 _d59141 |
||